| 000 | 00386pab a2200157 454500 | ||
|---|---|---|---|
| 008 | 180718b1995 xxu||||| |||| 00| 0 eng d | ||
| 100 | _aSwaminathan, Padmini | ||
| 245 | _aBudgetary silences. | ||
| 260 | _c1995 | ||
| 300 | _ap.1329-332 | ||
| 362 | _a3 Jun | ||
| 650 | _aBudget - India | ||
| 650 | _aUnion budget - India | ||
| 773 | _aEconomic and Political Weekly | ||
| 909 | _a28570 | ||
| 999 |
_c28570 _d28570 |
||